Harry Potter Terms - Statistics

General Stats
  • This quiz has been taken 56 times
  • The average score is 19 of 52
Answer Stats
Hint Answer % Correct
Force associated with wizards Magic
69%
British term for non-magical person Muggle
69%
female of the above Witch
69%
a person that is magical Wizard
69%
Deals with plants Herbology
64%
Slur for the above Mudblood
62%
Term for family with only magical blood in it Pureblood
62%
The study of celestial objects Astronomy
60%
Adds properties to a target Charm
60%
Term for family with some non-magical in it Half-blood
60%
Tool used by a magical being Wand
57%
Predicting future events Divination
55%
Shielding oneself from mind reading Occlumency
55%
The ability to talk to snakes Parseltongue
55%
Mixing ingredients to alter properties Potions
55%
One that can turn themself into an animal Animagus
52%
An object created to extend the user's life by murdering someone Horcrux
52%
Alters the appearance of a target Transfiguration
52%
A Dark Wizard catcher Auror
50%
Person born from magical parents, but has no magical abilities themself Squib
50%
Tests taken by fifth years at Hogwarts O.W.L.S.
48%
Term for somebody who is born into a family of non-magical people Muggleborn
43%
Summoning the dead Necromancy
43%
One who can talk to snakes Parselmouth
38%
Turning metals into gold Alchemy
36%
Properties of numbers Arithmancy
36%
Tests taken by seventh years at Hogwarts N.E.W.T.S.
36%
A shallow stone basin used to view memories Pensieve
36%
A witch/wizard involved with divination Seer
36%
Defending oneself against the Dark Arts Defense Against the Dark Arts
33%
Intends to deal harm or inconvience Dark Arts
31%
American term for non-magical person No-Maj
31%
Deals with enchanting objects Charms
29%
Causes serious bodily harm to a target Curse
29%
One who is constant user of Dark Magic Dark Wizard
29%
The condition of turning into a werewolf Lycanthropy
24%
Causes inconvenience to a target Jinx
21%
One of three objects created by the Peverell brothers The Deathly Hallows
21%
Causes inconvenience or light bodily harm Hex
19%
One that can that can change their appearance at will Metamorphmagus
19%
Modifies a target's memory Memory charm
14%
A spell done without speaking Non-verbal
14%
Creates an object from thin air Conjuration
12%
Mind reading Legilimancy
12%
Turns a target into something else Transformation
12%
Improves the condition of a target Healing charm
7%
Switches a target with something else Switching
7%
Derives from dark magic Dark charm
5%
Removes an object from thin air Vanishment
5%
Blocks the effects of another spell Counter-spell
2%
A witch with an inherited condition that eventually turns themself into an animal permanently Maledictus
2%
One without powers of magical ancestry Underbeing
2%
No matching quizzes found
Score Distribution
Percent of People with Each Score
Percentile by Number Answered
Your Score History
You have not taken this quiz